Score 0/22 Timer 02:00
1 Play Today
Movie Title Missing Word % Correct
Dr. Seuss' How the _____ Stole ChristmasGrinch
97.5%
_____ & DumberDumb
97.3%
_____ AlmightyBruce
94.8%
Ace Ventura: _____ DetectivePet
93%
Fun With _____ and JaneDick
92%
_____ LiarLiar
91.9%
Dr. Seuss' Horton _____ a WhoHears
91.4%
Man on the _____Moon
89.1%
Lemony Snicket's A _____ of Unfortunate EventsSeries
89.1%
Me, _____ and IreneMyself
87%
Ace Ventura: When _____ CallsNature
82.1%
Movie Title Missing Word % Correct
The _____ ShowTruman
76.7%
Eternal Sunshine of the _____ MindSpotless
72.9%
A Christmas _____Carol
66.7%
The _____ 23Number
63.3%
The _____ GuyCable
57.9%
Batman _____Forever
55%
Peggy Sue Got _____Married
50.5%
Earth Girls Are _____Easy
41%
_____ BirchSimon
32.7%
_____ ManYes
31.1%
Once _____Bitten
17.3%

Today's Daily Dose

Remove Ads.
Support Sporcle.
Get the best of Sporcle when you Go Orange. This ad-free experience offers more features, more stats, and more fun while also helping to support Sporcle. Thank you for becoming a member.

You're not logged in!

Compare scores with friends on all Sporcle quizzes.
OR
Log In

Show Comments

Extras

Top Quizzes Today


Score Distribution

Your Account Isn't Verified!

In order to create a playlist on Sporcle, you need to verify the email address you used during registration. Go to your Sporcle Settings to finish the process.

Report this User

Report this user for behavior that violates our Community Guidelines.

Details: